000 00429nam a22001697a 4500
005 20160523125223.0
008 160523b xxu||||| |||| 00| 0 eng d
020 _a81-203-1282-1
041 _aeng
082 _b4297
100 _aLandan, Kenneth C & Landan, Jane P
_91062
245 _aManagement Information Systems
260 _aNew Delhi
_bAcademic Faundation
300 _a759
650 _aManagement
_9241
942 _cBK
999 _c1448
_d1448